[Event "VII Sunway Sitges Open 2020"]
[Site "Sitges"]
[Date "2020.12.21"]
[Round "8.21"]
[White "Garriga Cazorla, Pere"]
[Black "Souhardo Basak"]
[Result "0-1"]
[WhiteElo "2487"]
[BlackElo "2216"]
[Annotator "TA"]
[PlyCount "108"]
[EventDate "2020.12.13"]
[EventType "swiss"]
[EventCountry "ESP"]
[SourceTitle "playchess.com"]
[Source "ChessBase"]
[SourceQuality "1"]

{[%evp 9,108,5,42,37,35,32,46,45,49,49,49,51,54,44,51,39,33,29,20,20,13,12,39,0,26,16,35,34,52,52,74,75,65,66,88,16,53,0,0,0,0,-7,-4,-11,39,11,50,0,0,-10,5,4,45,36,56,0,3,0,11,1,103,107,141,149,129,84,92,0,0,-175,-171,-464,-466,-447,-439,-457,-459,-461,-461,-423,-432,-530,-529,-530,-530,-664,-651,-630,-630,-588,-588,-672,-573,-650,-650,-29966,-29965,-29973,-29973,-29978,-29977]} 1. d4 Nf6 2. c4 e6 3. Nf3 b6 4. g3 Ba6 5. Qc2 Bb4+ 6. Bd2 {E15: Queen's Indian: 4 g3 sidelines, 4 g3 Ba6 and 4 g3 Bb7 early deviations.} Bxd2+ 7. Nbxd2 Bb7 8. e4 {White is slightly better.} d6 9. Bg2 Qe7 10. O-O e5 {[#]} 11. a3 $146 ({Predecessor:} 11. b4 O-O 12. c5 a5 13. a3 axb4 14. axb4 Nc6 15. cxb6 cxb6 16. Qb2 exd4 17. b5 {½-½ (28) Vidit,S (2610)-Sasikiran,K (2680) Sharjah 2014}) 11... Nbd7 {[%cal Bb8d7,Bd7f8,Bf8e6][%mdl 32]} 12. b4 O-O 13. d5 c6 14. dxc6 Bxc6 15. Qd3 Rfd8 16. Ne1 Nf8 17. Nc2 Ne6 18. Nb1 a5 19. Nc3 Qb7 20. Rab1 axb4 21. axb4 Nc7 22. Nd5 (22. b5 $16 Be8 23. Ra1) 22... Bxd5 23. exd5 (23. cxd5 $14 Ra2 24. Ra1) 23... b5 $11 24. Ne3 bxc4 25. Qxc4 Nb5 26. Nf5 e4 27. Rbc1 ({Much weaker is} 27. Bxe4 Rdc8 $17) 27... g6 (27... Re8 {with more complications.} 28. Rfe1 Rab8 29. Qc6 g6 30. Nxd6 Qxc6 31. Rxc6 Nxd6 32. Rxd6 Kg7) 28. Ne3 Rac8 29. Qb3 Rxc1 30. Rxc1 Rc8 31. Rc4 Re8 32. Rc1 ({White should play} 32. Qb2 $14 Qe7 33. Bf1) 32... Rc8 33. Qb2 {[#] Black must now prevent Rxc8+.} Rxc1+ 34. Qxc1 Qc7 (34... Qa7 $11) 35. Qc6 $16 Qxc6 36. dxc6 {[%mdl 4096] Endgame KBN-KNN} d5 37. f3 {aiming for Bf1.} d4 {[#]} 38. Bf1 (38. Nc2 $1 $16) 38... Na7 $11 39. c7 $2 {Black continues to play with concentration.} (39. Nc4 $11 {and White stays safe.} Nxc6 40. b5) 39... dxe3 $19 40. fxe4 $2 (40. b5 Nd7 41. fxe4) 40... Nxe4 41. Kg2 Kf8 42. Bd3 Nd6 43. Kf3 Ke7 44. Kxe3 Kd7 45. Kf4 f6 46. h4 Nc6 47. b5 Nb4 48. Bb1 Nd5+ 49. Kg4 Kxc7 50. h5 Ne7 51. hxg6 hxg6 52. Kh4 Nxb5 {Black mates.} 53. g4 g5+ 54. Kh5 Kd6 {Weighted Error Value: White=0.48/Black=0.16} 0-1

[Event "VII Sunway Sitges Open 2020"]
[Site "Sitges"]
[Date "2020.12.21"]
[Round "8.22"]
[White "Esplugas Esteve, Vicenc"]
[Black "Asis Gargatagli, Hipolito"]
[Result "1-0"]
[WhiteElo "2319"]
[BlackElo "2470"]
[Annotator "TA"]
[PlyCount "41"]
[EventDate "2020.12.13"]
[EventType "swiss"]
[EventCountry "ESP"]
[SourceTitle "playchess.com"]
[Source "ChessBase"]
[SourceQuality "1"]

{[%evp 9,40,15,27,35,29,20,48,48,40,59,55,47,77,82,209,216,220,224,316,166,385,418,487,10,471,472,484,469,473,468,29998,29999,29999]} 1. e4 c5 2. Nf3 d6 3. Bb5+ Nd7 4. O-O a6 5. Bd3 Ngf6 6. Re1 {B51: Sicilian: Moscow Variation (3 Bb5+) without 3...Bd7.} b5 7. c4 g5 8. Nxg5 {White is slightly better.} Ne5 9. Bf1 bxc4 10. d4 cxd4 11. f4 {[#]} Nc6 $146 (11... Nd3 $16) ({Predecessor:} 11... Neg4 12. Bxc4 d5 13. exd5 Qb6 14. Qf3 h6 15. Nh3 Bb7 16. Na3 Rc8 17. b3 Rg8 {½-½ (68) Vaibhav,S (2558)-Moussard,J (2573) Paris 2017}) 12. Bxc4 $18 ({Worse is} 12. Qa4 Bd7 $11) 12... e6 {[#]} 13. e5 $1 {[%cal Re5f6]} d5 (13... dxe5 {might work better.} 14. fxe5 Nd5) 14. Bd3 (14. exf6 $142 dxc4 15. f5) 14... Nd7 $2 {[#]} (14... h6) 15. Nxe6 $1 {[%mdl 512]} fxe6 16. Qh5+ {[%mdl 64] Double Attack} Ke7 {Hoping for ...Nc5.} 17. f5 h6 {[#]} 18. Bg5+ $1 {[%mdl 576] Skewer} hxg5 19. Qxg5+ {[#]} Ke8 (19... Nf6 $1 $18) 20. Qg6+ {[%mdl 64] Double Attack} Ke7 21. Qxe6# {White took control after the opening.  Weighted Error Value: White=0.15/Black=0.74} 1-0

[Event "VII Sunway Sitges Open 2020"]
[Site "Sitges"]
[Date "2020.12.21"]
[Round "8.23"]
[White "Siebrecht, Sebastian"]
[Black "Ortega Serra, Marc"]
[Result "1/2-1/2"]
[WhiteElo "2429"]
[BlackElo "2288"]
[Annotator "TA"]
[PlyCount "80"]
[EventDate "2020.12.13"]
[EventType "swiss"]
[EventCountry "ESP"]
[SourceTitle "playchess.com"]
[Source "ChessBase"]
[SourceQuality "1"]

{[%evp 17,80,0,10,-37,-45,-58,-41,-40,-40,-38,-25,-49,-14,-14,-14,-23,31,28,35,-12,0,0,7,-20,0,0,0,-41,165,155,140,10,10,18,20,0,0,0,0,0,6,0,0,0,0,-44,-41,-40,-43,-127,-178,-179,-44,-49,-8,-8,-8,-8,0,0,0,0,0,0,0]} 1. Nf3 d5 2. g3 Nf6 3. Bg2 e6 4. O-O Be7 5. d3 O-O 6. Nbd2 c5 7. e4 Nc6 8. Re1 b5 9. c3 a5 {[%cal Ba7a5,Ba5a4][%mdl 32]} 10. e5 {C00: French: Unusual White 2nd moves.} Nd7 $1 11. h4 a4 12. a3 {[#] Black is slightly better.} Nb6 $146 ({Predecessor:} 12... Ba6 13. Nf1 Nb6 14. N1h2 Qc7 15. Bg5 Na5 16. Ng4 Nb3 17. Rb1 Rac8 18. Nd2 Na5 {1-0 (28) Claverie,R (2525)-Naumkin,I (2441) Moscow 2015}) 13. Nf1 Bb7 14. d4 cxd4 15. Nxd4 Nxd4 16. Qxd4 Rc8 ({Black should try} 16... Qc7 $11) 17. Qg4 $14 Kh8 18. Nd2 Nc4 19. Nf3 Bc5 20. Ng5 {White wants to play Qh5!} Qb6 21. Re2 $1 h6 22. Qh5 (22. Nf3 {looks sharper.} d4 23. cxd4 Bxf3 24. Bxf3 Bxd4 25. Bxh6 gxh6 26. Qf4) 22... d4 $2 (22... f6 $15 {keeps the upper hand.} 23. Nf3 Bc6 24. exf6 Rxf6) 23. cxd4 $1 $18 ({Inferior is} 23. Nxf7+ Rxf7 $1 {[%mdl 512]} 24. Qxf7 Bxg2 $11) 23... Bxd4 {[#]} 24. Nxf7+ (24. Bxb7 $1 $16 Qxb7 25. Nf3) 24... Rxf7 $11 25. Qxf7 Bxg2 26. Kxg2 {Qh5 is the strong threat.} Nxe5 27. Qh5 $1 Qc6+ 28. f3 Rf8 $1 {[%cal Re5f3]} 29. Rxe5 Bxe5 30. Bxh6 $1 ({But not} 30. Qxe5 $2 Qxf3+ 31. Kh2 Qf2+ 32. Kh3 Qf1+ 33. Kg4 Rf5 $19) 30... Bxb2 31. Bc1+ Kg8 32. Bxb2 Qc2+ {[%mdl 64] Double Attack} 33. Kg1 (33. Kh3 $15 Qxb2 34. Re1) 33... Qxb2 $17 {[%mdl 4096] Endgame KQR-KQR} 34. Rf1 Qxa3 (34... e5 $19 {Strongly threatening ...b4.} 35. Rf2 Qxa3 36. Qxe5 Qb3) 35. Qxb5 $15 Qe3+ 36. Kg2 {The position is equal.} a3 37. Rf2 Rd8 38. Re2 Rd2 39. Qe8+ {[%mdl 64] Double Attack} Kh7 40. Qh5+ Kg8 {White used his chance. Accuracy: White = 71%, Black = 68%.} 1/2-1/2

[Event "VII Sunway Sitges Open 2020"]
[Site "Sitges"]
[Date "2020.12.21"]
[Round "8.24"]
[White "Hernando Rodrigo, Julio Antonio"]
[Black "Bulmaga, Irina"]
[Result "0-1"]
[WhiteElo "2275"]
[BlackElo "2424"]
[Annotator "TA"]
[PlyCount "78"]
[EventDate "2020.12.13"]
[EventType "swiss"]
[EventCountry "ESP"]
[SourceTitle "playchess.com"]
[Source "ChessBase"]
[SourceQuality "1"]

{[%evp 17,78,-39,-47,-49,-41,-29,-29,-53,0,0,0,-4,0,0,1,0,1,-33,-18,-26,0,-101,-95,-142,0,-38,-7,-61,-52,-95,-47,-52,-48,-81,-30,-33,-29,-33,-2,-6,0,-42,22,11,67,54,49,8,0,0,0,-246,-236,-29984,-29965,-29985,-29986,-29986,-29987,-29987,-29988,-29988,-29989]} 1. d4 Nf6 2. c4 e6 3. Nf3 d5 4. g3 dxc4 5. Bg2 a6 6. a4 Nc6 7. O-O Rb8 8. Nc3 Be7 {8...Bb4 is vanishing.} 9. e4 O-O 10. Be3 {E04: Open Catalan: 5 Nf3.} b5 11. axb5 axb5 12. d5 {Black has an edge.} b4 (12... exd5 {is interesting.} 13. exd5 Nb4 14. Ba7 Rb7 15. Nd4 Qd7) 13. dxc6 {aiming for Ne2.} bxc3 14. bxc3 {And now Ne5 would win.} Nxe4 {[#]} 15. Bd4 $146 ({Predecessor:} 15. Qc2 Qd3 16. Rfc1 Bf6 17. Bd4 Rd8 18. Ne5 Qxc2 19. Rxc2 Nc5 20. Nxc4 Bxd4 21. cxd4 Rxd4 {1-0 (54) Metpally,J (2076)-Turgut,A (2195) Grapevine 2019}) 15... f6 16. Qe2 Nd6 $1 17. Rfd1 (17. Ba7 $5 {[%cal Ra7b8]} Ra8 18. Bc5 Rxa1 19. Rxa1 $11) 17... e5 18. Bc5 Qe8 19. Ra7 {[#]} (19. Nd2 $11) 19... Nb5 $1 $17 {White must now prevent ...Be6.} ({Don't play} 19... Qxc6 $6 20. Bxd6 Bxd6 21. Nxe5 $14) 20. Qxc4+ Kh8 (20... Qf7 $17 21. Qxf7+ Kxf7 22. Bxe7 Kxe7) 21. Raa1 Nd6 ({Not} 21... Qxc6 $2 22. Nxe5 Qxc5 23. Nf7+ Rxf7 24. Qxf7 $18) 22. Bxd6 (22. Qa2 $11) 22... Bxd6 $15 23. Nh4 Be6 24. Bd5 Bxd5 25. Rxd5 {next Nf5 is good for White.} Rb6 (25... f5 $17) 26. Ra6 $11 Rxa6 27. Qxa6 g6 28. c4 {Black should prevent c5.} Qe6 29. Qa2 g5 (29... Rb8 $15) 30. Ng2 e4 (30... f5 $11) 31. Ne3 Be5 $1 32. Qb1 f5 33. g4 fxg4 34. Kg2 $2 (34. Qd1 $11) 34... Qf6 $19 35. Qg1 $2 {[#]} (35. Qe1 $19) 35... Qf3+ {Black mates.} 36. Kf1 Qxe3 37. Rxe5 Qd3+ {[%mdl 64] Double Attack} 38. Kg2 Qf3+ 39. Kf1 Ra8 {Weighted Error Value: White=0.62/Black=0.20} 0-1

[Event "VII Sunway Sitges Open 2020"]
[Site "Sitges"]
[Date "2020.12.21"]
[Round "8.25"]
[White "Gatineau, Yovann"]
[Black "Exposito Amaro, Josue"]
[Result "1-0"]
[WhiteElo "2423"]
[BlackElo "2334"]
[Annotator "TA"]
[PlyCount "47"]
[EventDate "2020.12.13"]
[EventType "swiss"]
[EventCountry "ESP"]
[SourceTitle "playchess.com"]
[Source "ChessBase"]
[SourceQuality "1"]

{[%evp 13,47,75,94,103,103,102,119,109,121,129,125,120,162,155,318,311,326,298,345,352,320,276,364,365,350,346,506,515,632,619,626,628,599,615,611,467]} 1. d4 f5 2. e4 fxe4 3. Nc3 Nf6 4. Bg5 d5 5. Bxf6 exf6 6. Qh5+ g6 7. Qxd5 Bb4 8. Qxe4+ {A83: Dutch Defence: Staunton Gambit with 3 Nc3 Nf6 4 Bg5.} Kf7 9. Bc4+ Kg7 10. Nge2 {White is better.} Bxc3+ 11. bxc3 {[#]} ({Don't go for} 11. Nxc3 $2 Re8 $19) 11... Nc6 $146 ({Predecessor:} 11... Re8 12. Qf3 Nd7 13. O-O Nb6 14. Bd3 Be6 15. Nf4 Bf7 16. h4 c6 17. h5 Nd5 18. hxg6 hxg6 19. Nxd5 Qxd5 20. Qxd5 cxd5 {1-0 (40) Timerkhanov,A (2360)-Kobalia,M (2628) Tallinn 2016}) 12. O-O Bf5 13. Qf3 Bxc2 $2 (13... Qd7 $16 {was called for.} 14. Nf4 Rae8) 14. Nf4 $18 {[#] aiming for Ne6+.} Bf5 15. Be6 {Strongly threatening Bxf5.} Qd6 16. Bxf5 gxf5 17. Rae1 {Black must now prevent Re6.} Rae8 18. Nh5+ {[%mdl 64] [#] Discovered Attack} Kf7 19. Ng3 {Intending Qh5+ and mate.} ({Don't take} 19. Qxf5 Ne7) 19... Ne7 (19... h5 $142 20. Nxf5 Qd7 21. Rxe8 Kxe8) 20. Nxf5 {White is clearly winning.} Nxf5 21. Qh5+ ({Weaker is} 21. Qxf5 Re6 $18) 21... Kg7 {...Ne7 is the strong threat.} 22. Rxe8 Rxe8 23. Qxe8 Qd5 24. Qe2 {Black got outplayed after the opening.  Weighted Error Value: White=0.05/Black=0.51} 1-0

[Event "VII Sunway Sitges Open 2020"]
[Site "Sitges"]
[Date "2020.12.21"]
[Round "8.26"]
[White "Garcia Jimenez, Francisco Javier"]
[Black "Svoboda, Vaclav"]
[Result "1-0"]
[WhiteElo "2288"]
[BlackElo "2407"]
[Annotator "TA"]
[PlyCount "81"]
[EventDate "2020.12.13"]
[EventType "swiss"]
[EventCountry "ESP"]
[SourceTitle "playchess.com"]
[Source "ChessBase"]
[SourceQuality "1"]

{[%evp 17,81,-11,-12,-21,0,-52,0,-50,45,47,58,31,144,53,88,0,64,64,63,74,69,72,70,62,85,0,0,-100,0,-113,-93,-169,-52,-72,61,56,32,0,77,53,53,43,44,28,26,38,28,24,18,0,0,0,22,0,54,52,604,684,840,840,831,812,742,707,29997,29998]} 1. e4 c5 2. Nc3 Nc6 3. g3 g6 4. Bg2 Bg7 5. d3 d6 6. Be3 e5 7. Qd2 Nge7 8. Bh6 Bxh6 9. Qxh6 Nd4 10. O-O-O {B26: Closed Sicilian: 3 g3, lines with early Be3.} Bg4 11. Rf1 (11. f3 $11 Be6 12. f4) 11... Qa5 (11... b5 $1 $15 12. Qg7 Rg8 13. Qxh7 Rf8) 12. f4 {The position is equal.} Be6 (12... b5 $1 $15 13. fxe5 b4) 13. fxe5 $14 {[#]} dxe5 $146 ({Predecessor:} 13... O-O-O 14. Bh3 dxe5 15. Rxf7 Nec6 16. Nf3 Bxh3 17. Qxh3+ Kb8 18. Ne1 b5 19. Kb1 b4 {1-0 (28) Ludbrook,M (2050)-Fegan,C (2115) West Bromwich 2006}) 14. Bh3 Bxa2 (14... f5 $1 $14) 15. Qg7 (15. Nf3 $1 $16) 15... Rf8 16. Qxe5 (16. Nf3 $16 {Strongly threatening Ng5.} Be6 17. Nxd4 Bxh3 18. Ndb5 (18. Nb3 Qc7 $14) 18... Bxf1 19. Qxe5) 16... Be6 (16... Bb3 $1 $11 17. cxb3 Qa1+ 18. Nb1 Nxb3+ 19. Kc2 Nd4+ 20. Kc1 Nb3+ 21. Kc2 Nd4+ 22. Kc1 Nb3+) 17. Bxe6 Qa1+ 18. Nb1 Nxe6 19. Ne2 Nc6 20. Qf6 Rd8 21. Nec3 ({White should play} 21. Nf4 $16 Nxf4 22. Rxf4) 21... Kd7 $11 22. Qh4 (22. Nd5 $11) 22... h5 (22... Kc8 $1 $17) 23. Rf6 (23. g4 $11 {remains equal.}) 23... Kc8 $17 24. Rhf1 {[#]} (24. Qh3 $17) 24... Ne5 (24... c4 $1 $19 {[%cal Rc4d3][%mdl 512]} 25. dxc4 Ne5) 25. g4 $1 $15 {[%cal Rg4h5]} hxg4 ({Black should try} 25... Rfe8 $17 {aiming for ...c4.} 26. Rxf7 c4) 26. Qg3 $14 Nf3 {White should prevent ...c4!} 27. h3 {[#]} (27. Rf2 $5 {[%cal Rg3g4]}) 27... Rd7 {[#]} (27... c4 $1 $11 {[%mdl 512] keeps the balance.} 28. hxg4 (28. dxc4 Nd2) 28... cxd3 29. R6xf3 dxc2 30. Kxc2 Nd4+ {[%mdl 64] Double Attack} 31. Kc1 Nb3+ 32. Kc2 Nd4+ {[%mdl 64] Double Attack} 33. Kc1 Nb3+ 34. Kc2 Nd4+ {[%mdl 64] Double Attack}) 28. Rxe6 $1 {[%mdl 512]} fxe6 29. Qxg4 Rdf7 {White must now prevent ...Nd4.} 30. Qxe6+ Kb8 31. Qd6+ Ka8 32. Nd5 Qa5 $1 33. Nbc3 Qa1+ 34. Nb1 Qa5 $1 35. Nbc3 $40 {[%mdl 128] White is up to no good.} Qd8 (35... Rd8 $11 36. Qg3 Rdf8) 36. Qxc5 {Hoping for Nb5.} Qg5+ $2 {[%mdl 8192] [#] A mistake that costs the game.} (36... b6 $14 37. Qe3 Qh4) 37. Kb1 $1 $18 {Nb5 is the strong threat.} Nd2+ 38. Ka2 Qd8 {[#]} 39. Nc7+ $1 {[%mdl 512]} Kb8 (39... Qxc7 40. Qxc7) 40. Ne6 {[%mdl 64] Rxf7 would kill now. Double Attack} Qb6 41. Qxf8+ {[%mdl 64] Back Rank.  Weighted Error Value: White=0.34/Black=0.81} 1-0

[Event "VII Sunway Sitges Open 2020"]
[Site "Sitges"]
[Date "2020.12.21"]
[Round "8.27"]
[White "Romanishin, Oleg M"]
[Black "Antova, Gabriela"]
[Result "1-0"]
[WhiteElo "2402"]
[BlackElo "2247"]
[Annotator "TA"]
[PlyCount "123"]
[EventDate "2020.12.13"]
[EventType "swiss"]
[EventCountry "ESP"]
[SourceTitle "playchess.com"]
[Source "ChessBase"]
[SourceQuality "1"]

{[%evp 9,123,16,18,0,0,0,24,0,2,0,24,22,33,5,0,0,2,-22,-18,-25,-33,-27,-27,-23,0,-13,0,-24,-15,-4,0,-1,25,12,16,12,50,50,29,14,31,12,22,16,22,16,22,8,37,37,39,37,41,46,55,45,46,5,45,45,45,46,50,46,46,41,32,35,34,8,8,8,8,8,135,135,141,142,157,81,81,77,214,200,376,376,376,313,313,313,312,312,303,303,1391,1593,1294,726,1860,1835,1962,1539,2008,2041,1844,1733,1696,1442,5281,2653,29955,29952,29984,29978,29979,29979]} 1. Nf3 d5 2. g3 Nf6 3. Bg2 Bg4 4. c4 c6 5. Qb3 Qb6 6. d3 {A11: English Opening: 1...c6.} Nbd7 7. Be3 {[#]} Qc7 $146 ({Predecessor:} 7... Qa6 8. cxd5 Nxd5 9. Bd4 Bxf3 10. Bxf3 e5 11. Bc3 Nxc3 12. Nxc3 Be7 13. O-O O-O {1-0 (43) Kozhuharov,S (2424)-Rusev,K (2508) Primorsko 2020}) 8. cxd5 {White has an edge.} Nxd5 9. Bd2 e6 10. O-O Be7 11. Nc3 (11. e4 $5 {[%cal Re4d5]} N5b6 12. Be3 $11) 11... O-O 12. h3 Bh5 13. e4 Nc5 {[%cal Bd7c5,Bc5e6,Be6d4][%mdl 32]} 14. Nxd5 exd5 15. Qc2 dxe4 16. dxe4 Bxf3 17. Bxf3 Ne6 18. Be3 Rfd8 19. Rad1 Bf6 20. Bg4 Nd4 21. Qc4 {[%cal Re3d4]} Qe5 22. Rfe1 Qb5 23. Qxb5 Nxb5 24. Bc1 Rxd1 (24... g6 {feels hotter.} 25. Kg2 Nd4 26. e5 Be7 27. Bf3 f6) 25. Bxd1 Rd8 26. Kg2 g6 27. e5 Be7 28. Bf3 Bb4 29. Rd1 Rxd1 30. Bxd1 $14 {[%mdl 4096] Endgame KBB-KBN} Nd4 31. Be3 c5 32. a3 Ba5 33. Bf3 Bc7 (33... Nc2 $5 {[%cal Rc2e1]} 34. Bxb7 Nxe3+ 35. fxe3 Bc7 $11) 34. Bxb7 Bxe5 35. f4 Bg7 36. g4 h6 37. Bd5 Nc2 38. Bxc5 Bxb2 39. a4 (39. Bxa7 {keeps more tension.} Nxa3 40. Kf3 Kg7 41. Bb8 Nb5 42. Bc4) 39... Bd4 40. Bxd4 Nxd4 $11 {KB-KN} 41. Kf2 Nc2 (41... Ne6 $1 $11 {keeps the balance.}) 42. Kf3 $1 $16 Nb4 43. Ke4 $1 Kf8 44. Bc4 (44. Kd4 $142 $1) 44... Ke7 45. Kd4 Nc6+ {Black cannot hold the game after this.} (45... Nc2+ $16 46. Kc5 Ne3) 46. Kc5 $18 Nd8 $2 {[#]} (46... Nb8 47. Kd5 g5) 47. Kb5 $1 {[%cal Rb5a6]} Kd6 {[#]} 48. Ka6 $1 {[%cal Ra6a7]} Kc5 49. Ba2 f6 50. Kxa7 Nc6+ 51. Kb7 g5 $2 (51... f5 52. gxf5 gxf5) 52. f5 Nb4 53. Bf7 Nc6 54. Be8 Na5+ 55. Kc7 Nc4 56. Kd7 Nb6+ 57. Ke6 Nd5 58. a5 Nf4+ 59. Kxf6 Nxh3 60. Kg7 {White mates.} Nf2 61. Bh5 Ne4 62. f6 {Accuracy: White = 88%, Black = 58%.} 1-0

[Event "VII Sunway Sitges Open 2020"]
[Site "Sitges"]
[Date "2020.12.21"]
[Round "8.28"]
[White "Peycheva, Gergana"]
[Black "Yu, Jennifer"]
[Result "0-1"]
[WhiteElo "2257"]
[BlackElo "2315"]
[Annotator "TA"]
[PlyCount "74"]
[EventDate "2020.12.13"]
[EventType "swiss"]
[EventCountry "ESP"]
[SourceTitle "playchess.com"]
[Source "ChessBase"]
[SourceQuality "1"]

{[%evp 15,74,19,20,20,25,17,25,18,18,19,20,3,50,39,68,68,69,0,0,0,0,0,-3,-36,-27,-72,-75,-60,-40,-41,-29,-109,-26,-36,-33,-77,-74,-76,-72,-101,-101,-84,-92,-109,0,-166,-163,-352,-357,-336,-316,-356,-375,-29971,-29972,-6395,-6295,-29985,-1076,-29986,-29987]} 1. d4 d5 2. c4 c6 3. Nf3 Nf6 4. e3 Bf5 5. Nc3 e6 6. Nh4 Be4 7. f3 Bg6 8. Qb3 Qc7 9. Bd2 {D12: Slav Defence: 3 Nf3 Nf6 4 e3 Bf5.} Be7 10. Nxg6 hxg6 11. O-O-O {White has an edge.} dxc4 12. Bxc4 b5 13. Be2 a5 14. Kb1 Nbd7 {[#]} 15. Rc1 $146 ({Predecessor:} 15. Qc2 Qb7 16. e4 Nb6 17. Bg5 a4 18. e5 Nfd5 19. Bxe7 Nxc3+ 20. Qxc3 Nd5 21. Qc1 Nxe7 {1-0 (46) Reimanis,R (2421)-Stefanova,A (2462) chess.com INT 2020}) 15... b4 16. Ne4 (16. Na4 $1 $14) 16... Rxh2 $11 17. Nxf6+ gxf6 18. Rxh2 Qxh2 19. Rxc6 Qxg2 20. Qc4 Kf8 21. Bc1 Kg7 22. Qc2 {Strongly threatening Rc7.} Bd8 23. Qd2 {[#]} (23. e4 $11 {keeps the balance.}) 23... Nb6 (23... f5 $1 $17) 24. e4 Rc8 25. d5 {Black must now prevent Rxc8.} Rxc6 26. dxc6 Bc7 27. Qh6+ Kg8 28. Qe3 g5 29. Bd1 Nc4 ({Black should try} 29... Qh1 $17 30. Qd4 Kg7) 30. Qd4 $2 (30. Qa7 $1 $11 Qh1 31. Qxc7 Qxd1 32. Qd7 Qxf3 33. Qd4) 30... Qf1 $19 31. Qd7 $2 (31. Qxf6 {might work better.} Nd2+ 32. Kc2 Qc4+ 33. Kxd2 Bf4+ 34. Ke1 Qxc1 35. Qd8+ Kh7 36. Qd7) 31... Kg7 32. Qxc7 {Threatens to win with Qd8.} Qxd1 33. Qd7 {[#]} Nd6 $1 ({Weaker is} 33... Qxf3 34. Qd4 $17) 34. b3 $2 (34. Qa7 $19 Qd3+ 35. Ka1) 34... Qd3+ 35. Kb2 a4 {[%mdl 64] ( -> ...a3+). Deflection} 36. bxa4 Nc4+ 37. Ka1 Qc2 {[%mdl 64] Double Attack.  Weighted Error Value: White=0.71/Black=0.15} 0-1

[Event "VII Sunway Sitges Open 2020"]
[Site "Sitges"]
[Date "2020.12.21"]
[Round "8.29"]
[White "Dragnev, Valentin"]
[Black "Csiki, Endre"]
[Result "1-0"]
[WhiteElo "2564"]
[BlackElo "2231"]
[Annotator "TA"]
[PlyCount "77"]
[EventDate "2020.12.13"]
[EventType "swiss"]
[EventCountry "ESP"]
[SourceTitle "playchess.com"]
[Source "ChessBase"]
[SourceQuality "1"]

{[%evp 22,77,31,12,19,22,38,32,31,40,23,27,38,38,67,34,109,114,104,106,96,93,100,100,100,93,100,102,105,102,150,157,228,104,270,279,262,231,220,195,286,283,396,414,394,375,1143,1060,12820,5576,29980,29981,29991,29992,29996,29997,29998,29999]} 1. e4 e5 2. Nf3 Nc6 3. Bb5 a6 4. Ba4 Nf6 5. O-O Be7 6. Re1 b5 7. Bb3 d6 8. c3 O-O 9. h3 Na5 10. Bc2 c5 11. d4 Nd7 12. a4 Bb7 {The old main line. C96: Closed Ruy Lopez: Chigorin Defence: 11 d4, replies other than 11...Qc7.} 13. d5 Kh8 {[#]} 14. b3 $146 ({Predecessor:} 14. Na3 c4 15. axb5 axb5 16. Nxb5 Ba6 17. Na3 Nc5 18. Rb1 Nab3 19. Be3 Rb8 20. Bxb3 cxb3 21. Bxc5 dxc5 22. Nxe5 {1-0 (28) Fier,A (2560)-Perez Candelario,M (2612) chess24.com INT 2020}) 14... c4 {White is slightly better.} 15. bxc4 Nxc4 16. Na3 Nxa3 17. Bxa3 Nb6 18. Qd3 f5 ({Better is} 18... Nxa4 $14 19. c4 Qc7) 19. exf5 $16 ({Don't play} 19. axb5 fxe4 20. Rxe4 (20. Qxe4 g6 $14) 20... g6 $14) 19... Nxd5 20. f6 {[%mdl 64] Discovered Attack} Nxf6 {[#]} 21. Nxe5 $1 {[%mdl 512]} dxe5 22. Qxd8 Rfxd8 23. Bxe7 Rd2 24. Bf5 bxa4 25. Rxa4 Nd5 26. Bg5 Rb2 (26... Nxc3 $16 {was worth a try.} 27. Bxd2 Nxa4 28. Rxe5 Rd8) 27. Rae4 (27. Rxe5 $18 {has better winning chances. Strongly threatening Rh4.} Nxc3 {[#]} 28. Rh4 $1 {[%mdl 512]}) 27... Nf6 $2 (27... g6 $16 {was necessary.}) 28. Rxe5 Rb6 29. Re7 Bd5 30. Be3 Rc6 (30... Rb7 {keeps fighting.} 31. Rxb7 Bxb7) 31. Bd4 $18 a5 32. g4 h6 33. h4 Bg8 $2 (33... Rg8 34. g5 Nh5) 34. g5 hxg5 35. hxg5 Nh5 36. R1e4 {White mates.} Bh7 {[#]} 37. Rh4 $1 Bxf5 38. Rxh5+ Bh7 39. Rxg7 {Black did not feel at home in the position after the opening.  Weighted Error Value: White=0.09/Black=0.53} 1-0